Statistiken für Spieler mit den meisten Titeln weltweit im 21. Jahrhundert

Klicken Sie hier um das Quiz zu spielen!

Allgemein

  • Dieses Quiz wurde 114 mal gespielt
  • Das Durchschnittsergebnis liegt bei 5 aus 15

Antwortstatistiken

HintAntwort% Korrekt
3.Messi
98%
8.Ronaldo
95%
11.Xavi
44%
2.Iniesta
43%
1.Alves
41%
9.Busquets
36%
5.Pique
35%
10.Ibrahimovic
33%
7.Robben
11%
4.Maxwell
5%
14.Silva
5%
13.Thiago
3%
6.Ashour
0%
12.Gomaa
0%
15.Meteb
0%

Verteilung der Resultate

Perzentil nach korrekt beantworteten Fragen

Anzahl Personen mit jedem Resultat

Ihre Resultats-Entwicklung

Sie haben dieses Quiz noch nicht gespielt